[Event "Chubut-ch"]
[Site "Puerto Madryn"]
[Date "2019.11.18"]
[Round "7.7"]
[White "Bustos, Pedro"]
[Black "Ipuche, Andres"]
[Result "0-1"]
[WhiteElo "1574"]
[BlackElo "1674"]
[PlyCount "73"]
[EventDate "2019.11.15"]
[EventType "swiss"]
[EventRounds "7"]
[EventCountry "ARG"]
[SourceTitle "EXT 2024"]
[Source "ChessBase"]
[SourceDate "2023.10.10"]
[SourceVersion "1"]
[SourceVersionDate "2023.10.10"]
[SourceQuality "1"]

1. Nf3 c5 2. e3 Nc6 3. c4 e5 4. Nc3 Nge7 5. d4 exd4 6. exd4 cxd4 7. Nxd4 Nxd4 8. Qxd4 a6 9. Be2 Nc6 10. Qd1 Be7 11. 0-0 0-0 12. b3 Bf6 13. Bb2 Nd4 14. Bd3 Ne6 15. Qc2 g6 16. Nd5 Bxb2 17. Qxb2 Ng7 18. Rfe1 d6 19. Rad1 Be6 20. Nf6+ Kh8 21. Be4 Qb6 22. Bd5 Bxd5 23. Rxd5 Qd8 24. Red1 Qe7 25. Rxd6 Rad8 26. Rxd8 Rxd8 27. Rc1 Rd6 28. Nd5 Qg5 29. Re1 Re6 30. Rc1 h5 31. h3 Kh7 32. Ne3 h4 33. Rd1 Nh5 34. Rd5 Qf4 35. Rd8 f6 36. Qd4 Qxd4 37. Rxd4 0-1

[Event "Chubut-ch"]
[Site "Puerto Madryn"]
[Date "2019.11.16"]
[Round "3.7"]
[White "Bustos, Pedro"]
[Black "Nock, Pablo"]
[Result "0-1"]
[WhiteElo "1574"]
[BlackElo "1568"]
[PlyCount "76"]
[EventDate "2019.11.15"]
[EventType "swiss"]
[EventRounds "7"]
[EventCountry "ARG"]
[SourceTitle "EXT 2024"]
[Source "ChessBase"]
[SourceDate "2023.10.10"]
[SourceVersion "1"]
[SourceVersionDate "2023.10.10"]
[SourceQuality "1"]

1. d4 d5 2. c4 c6 3. Nc3 Nf6 4. Bg5 e6 5. e3 Bd6 6. Nf3 Nbd7 7. Bd3 b6 8. 0-0 Qc7 9. Rc1 dxc4 10. Bxc4 Nh5 11. e4 h6 12. Be3 g5 13. h3 Bf4 14. e5 Bb7 15. Ne4 0-0 16. Nfxg5 Bxe3 17. fxe3 Ng7 18. Nf3 Rac8 19. Nh2 Nf5 20. Ng4 Kh8 21. Qe2 Qd8 22. Ngf6 c5 23. Nd6 Nxd6 24. Nxd7 Rg8 25. Rf2 Nxc4 26. Nf6 Rg6 27. Rxc4 Ba6 28. Qc2 Bxc4 29. Qxc4 cxd4 30. Qxd4 Qxd4 31. exd4 Rc1+ 32. Kh2 Rd1 33. Rf4 Rd2 34. Ng4 Kg7 35. Rf2 Rxd4 36. Rc2 h5 37. Nf6 Rg5 38. Ne8+ Kf8 0-1

[Event "Chubut-ch"]
[Site "Puerto Madryn"]
[Date "2019.11.16"]
[Round "2.8"]
[White "Flores, Enzo"]
[Black "Bustos, Pedro"]
[Result "1-0"]
[WhiteElo "1372"]
[BlackElo "1574"]
[PlyCount "59"]
[EventDate "2019.11.15"]
[EventType "swiss"]
[EventRounds "7"]
[EventCountry "ARG"]
[SourceTitle "EXT 2024"]
[Source "ChessBase"]
[SourceDate "2023.10.10"]
[SourceVersion "1"]
[SourceVersionDate "2023.10.10"]
[SourceQuality "1"]

1. e4 c5 2. Nc3 d6 3. Bb5+ Bd7 4. Bxd7+ Qxd7 5. Nge2 Nf6 6. b3 g6 7. Bb2 Bg7 8. Nd5 0-0 9. Nxf6+ Bxf6 10. Bxf6 exf6 11. Nc3 Nc6 12. Nd5 Kg7 13. Qf3 f5 14. exf5 Qxf5 15. Qxf5 gxf5 16. 0-0-0 Rae8 17. Rde1 Re5 18. Ne3 Kg6 19. Nc4 Rxe1+ 20. Rxe1 Rd8 21. a4 Kf6 22. f4 Rd7 23. Re3 Re7 24. Nxd6 Rxe3 25. dxe3 b6 26. Kd2 Ke6 27. Nb5 Kd5 28. c3 Na5 29. c4+ Ke4 30. Nd6# 1-0

[Event "Villa Tehuelches Cuarto op"]
[Site "Villa Tehuelches"]
[Date "2018.07.14"]
[Round "7"]
[White "Freire Paredes, Nicolas Ignacio"]
[Black "Bustos, Pedro"]
[Result "1/2-1/2"]
[WhiteElo "1552"]
[BlackElo "1570"]
[PlyCount "74"]
[EventDate "2018.07.11"]
[EventType "swiss"]
[EventRounds "7"]
[EventCountry "CHI"]
[SourceTitle "EXT 2020"]
[Source "ChessBase"]
[SourceDate "2019.10.17"]
[SourceVersion "1"]
[SourceVersionDate "2019.10.17"]
[SourceQuality "1"]

1. e4 e6 2. d4 d5 3. exd5 exd5 4. Bd3 Bd6 5. Nf3 Bg4 6. h3 Bh5 7. c3 Ne7 8. Be3 Nd7 9. Nbd2 Bg6 10. Qc2 Bxd3 11. Qxd3 Ng6 12. 0-0 0-0 13. Rae1 Re8 14. g3 c6 15. h4 Nf6 16. Qf5 Qc8 17. Qxc8 Raxc8 18. Bg5 Ne4 19. h5 Nxd2 20. Bxd2 Nf8 21. Nh4 g6 22. hxg6 hxg6 23. Nf3 Nd7 24. Bg5 Kg7 25. Kg2 f6 26. Bc1 Nb6 27. b3 Na8 28. Rh1 Nc7 29. a4 Rh8 30. Ng1 Rxh1 31. Kxh1 g5 32. Nh3 Re8 33. Rxe8 Nxe8 34. Kg2 Kg6 35. g4 c5 36. dxc5 Bxc5 37. f4 Be7 1/2-1/2

[Event "Villa Tehuelches Cuarto op"]
[Site "Villa Tehuelches"]
[Date "2018.07.13"]
[Round "6"]
[White "Bustos, Pedro"]
[Black "Torres, Enzo Javier"]
[Result "1-0"]
[WhiteElo "1570"]
[BlackElo "1617"]
[PlyCount "95"]
[EventDate "2018.07.11"]
[EventType "swiss"]
[EventRounds "7"]
[EventCountry "CHI"]
[SourceTitle "EXT 2020"]
[Source "ChessBase"]
[SourceDate "2019.10.17"]
[SourceVersion "1"]
[SourceVersionDate "2019.10.17"]
[SourceQuality "1"]

1. e4 e5 2. Nf3 Nc6 3. Bb5 d6 4. h3 Nf6 5. d3 h6 6. c3 Be7 7. Be3 a6 8. Ba4 b5 9. Bc2 Bb7 10. 0-0 0-0 11. d4 exd4 12. cxd4 d5 13. e5 Nd7 14. Qd3 g6 15. Bxh6 Nb4 16. Qd2 Re8 17. Bd1 c5 18. dxc5 Bxc5 19. Re1 d4 20. Qf4 Nd3 21. Qg3 Nxe1 22. Nxe1 Nxe5 23. Bb3 Bd5 24. h4 Bxb3 25. axb3 Bd6 26. Nd2 Nc4 27. Qg4 Qe7 28. Ndf3 Nd2 29. h5 Nxf3+ 30. Nxf3 Qe4 31. Qh3 Re6 32. Rf1 gxh5 33. Ng5 Qg4 34. Nxe6 Qxe6 35. Qxh5 Kh7 36. Bf8+ Kg8 37. Bxd6 Qxd6 38. Qg4+ Kf8 39. Qh4 Re8 40. Qh8+ Ke7 41. Re1+ Kd7 42. Qxe8+ Kc7 43. Qe7+ Qxe7 44. Rxe7+ Kd6 45. Rxf7 d3 46. Kf1 Ke5 47. Ke1 Ke6 48. Rf3 1-0

[Event "Villa Tehuelches Cuarto op"]
[Site "Villa Tehuelches"]
[Date "2018.07.12"]
[Round "4"]
[White "Bustos, Pedro"]
[Black "Oyarzun Marquez, Benjamin Fernando"]
[Result "1-0"]
[WhiteElo "1570"]
[BlackElo "1110"]
[PlyCount "57"]
[EventDate "2018.07.11"]
[EventType "swiss"]
[EventRounds "7"]
[EventCountry "CHI"]
[SourceTitle "EXT 2020"]
[Source "ChessBase"]
[SourceDate "2019.10.17"]
[SourceVersion "1"]
[SourceVersionDate "2019.10.17"]
[SourceQuality "1"]

1. e4 e5 2. Nf3 Nf6 3. d3 g6 4. Nbd2 Bg7 5. Nxe5 0-0 6. Nef3 d6 7. h3 d5 8. e5 Re8 9. d4 Nfd7 10. Be2 c6 11. 0-0 c5 12. c3 Nc6 13. Re1 b6 14. Nf1 f5 15. exf6 Bxf6 16. Be3 Bh4 17. Qd2 Qf6 18. dxc5 bxc5 19. Nxh4 Qxh4 20. Qxd5+ Kf8 21. Qxc6 Ne5 22. Qxa8 Qe7 23. Bh6+ Kg8 24. Bc4+ Kh8 25. Qb8 Qf6 26. Rxe5 Bd7 27. Rxe8+ Bxe8 28. Qxe8+ Qf8 29. Qxf8# 1-0

[Event "Villa Tehuelches Cuarto op"]
[Site "Villa Tehuelches"]
[Date "2018.07.11"]
[Round "2"]
[White "Bustos, Pedro"]
[Black "Poblete Rojas, Pablo"]
[Result "0-1"]
[WhiteElo "1570"]
[BlackElo "1960"]
[PlyCount "92"]
[EventDate "2018.07.11"]
[EventType "swiss"]
[EventRounds "7"]
[EventCountry "CHI"]
[SourceTitle "EXT 2019"]
[Source "ChessBase"]
[SourceDate "2018.10.10"]
[SourceVersion "1"]
[SourceVersionDate "2018.10.10"]
[SourceQuality "1"]

1. e4 c5 2. Nf3 e6 3. d4 cxd4 4. Nxd4 Nf6 5. Nc3 d6 6. Be2 Nc6 7. Be3 Be7 8. 0-0 0-0 9. f4 e5 10. Nb3 exf4 11. Bxf4 Be6 12. Bf3 Ne5 13. Kh1 Rc8 14. Nd4 Qb6 15. Rb1 Nxf3 16. Nxf3 Bc4 17. Re1 Rfd8 18. Nd5 Bxd5 19. exd5 Ng4 20. Bg3 Bf6 21. Re2 Re8 22. Rxe8+ Rxe8 23. Qd2 g6 24. h3 Ne5 25. Nxe5 Bxe5 26. Bxe5 Rxe5 27. c4 Qc7 28. b3 Qe7 29. Qf2 b6 30. a3 Re2 31. Qf4 Re4 32. Qf2 Qe5 33. Rf1 f5 34. Kg1 h5 35. Qa2 Re3 36. Qc2 Kg7 37. a4 a5 38. Rf2 Kf6 39. Rf3 Rxf3 40. gxf3 Qg3+ 41. Qg2 Qxg2+ 42. Kxg2 Ke5 43. Kg3 g5 44. h4 g4 45. fxg4 fxg4 46. Kf2 Kd4 0-1

[Event "Villa Tehuelches Cuarto op"]
[Site "Villa Tehuelches"]
[Date "2018.07.11"]
[Round "1"]
[White "Crespo, Eugenio"]
[Black "Bustos, Pedro"]
[Result "1-0"]
[WhiteElo "2182"]
[BlackElo "1570"]
[PlyCount "57"]
[EventDate "2018.07.11"]
[EventType "swiss"]
[EventRounds "7"]
[EventCountry "CHI"]
[SourceTitle "EXT 2019"]
[Source "ChessBase"]
[SourceDate "2018.10.10"]
[SourceVersion "1"]
[SourceVersionDate "2018.10.10"]
[SourceQuality "1"]

1. Nf3 c5 2. g3 Nc6 3. Bg2 Nf6 4. 0-0 g6 5. c4 Bg7 6. Nc3 0-0 7. d4 cxd4 8. Nxd4 a6 9. e4 d6 10. Nc2 e6 11. Be3 Rb8 12. Qe2 Qc7 13. b3 b6 14. Rac1 Na7 15. Nd4 Bd7 16. Rfd1 Rfd8 17. h3 Be8 18. f4 Nc6 19. Nf3 Ne7 20. g4 Bc6 21. Nd4 Bb7 22. Qf2 Bc8 23. Nde2 Nd7 24. Ng3 Nf8 25. f5 Nc6 26. f6 Bh8 27. Nd5 exd5 28. cxd5 Nd7 29. Rxc6 1-0

[Event "Rio Grande op 18th"]
[Site "Rio Grande"]
[Date "2018.07.05"]
[Round "1"]
[White "Bustos, Pedro"]
[Black "Fernandez, Maria Florencia"]
[Result "0-1"]
[WhiteElo "1570"]
[BlackElo "2228"]
[PlyCount "56"]
[EventDate "2018.07.05"]
[EventType "swiss"]
[EventRounds "7"]
[EventCountry "ARG"]
[SourceTitle "EXT 2019"]
[Source "ChessBase"]
[SourceDate "2018.10.10"]
[SourceVersion "1"]
[SourceVersionDate "2018.10.10"]
[SourceQuality "1"]

1. e4 c5 2. Nf3 d6 3. d4 cxd4 4. Nxd4 Nf6 5. Nc3 g6 6. Be3 Bg7 7. Be2 0-0 8. Qd2 Nc6 9. 0-0-0 Bd7 10. h3 a6 11. f4 b5 12. Bf3 Qc7 13. g4 b4 14. Nce2 Na5 15. b3 e5 16. fxe5 dxe5 17. Nf5 gxf5 18. gxf5 Kh8 19. Rhg1 Rg8 20. Rg3 Rac8 21. h4 Bb5 22. Ng1 Rgd8 23. Qg2 Qc3 24. Kb1 Qxe3 25. Rxg7 Rxd1+ 26. Bxd1 Qe1 27. Qg5 Qxd1+ 28. Kb2 Rxc2# 0-1

[Event "Trelew Acevedo Cup"]
[Site "Trelew"]
[Date "2018.04.29"]
[Round "3"]
[White "Del Blanco, Eduardo"]
[Black "Bustos, Pedro"]
[Result "1-0"]
[WhiteElo "2052"]
[BlackElo "1552"]
[PlyCount "39"]
[EventDate "2018.04.27"]
[EventType "swiss"]
[EventRounds "7"]
[EventCountry "ARG"]
[SourceTitle "CBM 184 Extra"]
[Source "ChessBase"]
[SourceDate "2018.06.28"]
[SourceVersion "1"]
[SourceVersionDate "2018.06.28"]
[SourceQuality "1"]

1. Nf3 Nf6 2. g3 d5 3. c4 e6 4. Bg2 Bd6 5. d4 Nbd7 6. c5 Be7 7. 0-0 0-0 8. b4 c6 9. a4 a6 10. Nbd2 Re8 11. Bb2 Bf8 12. Qc2 g6 13. e4 dxe4 14. Nxe4 Nxe4 15. Qxe4 Nf6 16. Qe2 Bd7 17. Ne5 Bg7 18. b5 axb5 19. axb5 Nd5 20. Rxa8 1-0

[Event "Chubut Province-ch"]
[Site "Chubut"]
[Date "2014.06.22"]
[Round "7"]
[White "Bustos, Pedro"]
[Black "Pirola, Marcos"]
[Result "0-1"]
[WhiteElo "1617"]
[BlackElo "2055"]
[PlyCount "64"]
[EventDate "2014.06.19"]
[EventType "swiss"]
[EventRounds "7"]
[EventCountry "ARG"]
[SourceTitle "CBM 161 Extra"]
[Source "ChessBase"]
[SourceDate "2014.08.29"]
[SourceVersion "1"]
[SourceVersionDate "2014.08.29"]
[SourceQuality "1"]

1. e4 c5 2. Nf3 Nc6 3. d4 cxd4 4. Nxd4 Nf6 5. Nc3 e5 6. Ndb5 d6 7. Bg5 a6 8. Na3 b5 9. Naxb5 axb5 10. Bxb5 Bd7 11. Bxc6 Bxc6 12. Bxf6 Qxf6 13. Nd5 Qd8 14. 0-0 Be7 15. c4 0-0 16. Qc2 Bg5 17. b4 f5 18. b5 Bxd5 19. exd5 e4 20. Rfe1 Bf4 21. a4 Be5 22. Ra3 Qa5 23. Rb1 Rfc8 24. b6 Rab8 25. g3 Rxb6 26. Rxb6 Qxb6 27. a5 Qa6 28. Qa4 Qxc4 29. Qxc4 Rxc4 30. a6 Rc8 31. a7 Ra8 32. Ra6 Kf7 0-1

[Event "Trevelin Patagonico op 6th"]
[Site "Trevelin"]
[Date "2014.03.01"]
[Round "3"]
[White "Crespo, Eugenio"]
[Black "Bustos, Pedro"]
[Result "1-0"]
[WhiteElo "2118"]
[BlackElo "1622"]
[PlyCount "35"]
[EventDate "2014.02.28"]
[EventType "swiss"]
[EventRounds "7"]
[EventCountry "ARG"]
[SourceTitle "CBM 159 Extra"]
[Source "ChessBase"]
[SourceDate "2014.04.24"]
[SourceVersion "1"]
[SourceVersionDate "2014.04.24"]
[SourceQuality "1"]

1. e4 c5 2. Nf3 Nc6 3. Bb5 g6 4. Bxc6 bxc6 5. 0-0 Bg7 6. d3 d6 7. Re1 Qc7 8. c3 Nf6 9. Bf4 Nh5 10. Bg5 0-0 11. d4 cxd4 12. cxd4 Bg4 13. Nc3 h6 14. Be3 f5 15. exf5 Rxf5 16. Qb3+ Kh7 17. Nh4 Rf7 18. Qxf7 1-0